| 000 | 00725nam a22002297a 4500 | ||
|---|---|---|---|
| 005 | 20240514143554.0 | ||
| 008 | 240514b |||||||| |||| 00| 0 eng d | ||
| 020 | _a0002131773 | ||
| 040 |
_aDLC _cKMU _dKMU |
||
| 050 | 0 | 0 | _aSB 959 Mel |
| 100 | 1 | _aMellanby, Kenneth. | |
| 245 | 1 | 0 |
_aPesticides and pollution / _cBy Kenneth Mellanby |
| 260 |
_aLondon, _bCollins, _c1970. |
||
| 300 |
_a221 p., 14 plates. _billus. (some col.), maps. _c23 cm. |
||
| 350 | _a36/- | ||
| 440 | 4 |
_aThe New naturalist _v[50] |
|
| 504 | _aBibliography: p. 207-212. | ||
| 650 | 0 |
_aPollution _zGreat Britain. |
|
| 650 | 0 |
_aPesticides _xEnvironmental aspects _zGreat Britain. |
|
| 906 |
_a7 _bcbc _corignew _d3 _encip _f19 _gy-gencatlg |
||
| 942 |
_2lcc _cBK _n0 |
||
| 999 |
_c1218 _d1218 |
||